La instrucción una actividad intencionada

Gespeichert in:
Bibliographische Detailangaben
1. Verfasser: Hameline, Daniel (VerfasserIn)
Format: Buch
Sprache:Spanisch
Veröffentlicht: Madrid Narcea 1981
Schriftenreihe:Colección Educación Hoy. Estudios
Schlagworte:
Tags: Tag hinzufügen
Keine Tags, Fügen Sie den ersten Tag hinzu!

MARC

LEADER 00000nam a2200000 a 4500
001 UCP0186
003 CL-VaPUC
008 990305e19810000SP |||||||||||||||||spa|d
082 0 4 |a 370.1  |b HAM  |2 21 
100 |a Hameline, Daniel  |e author  |9 425169 
245 1 3 |a La instrucción una actividad intencionada 
300 |a 301 p 
942 |c BK 
945 |d 19990305 00:00:00  |a aarredon 
260 |a Madrid  |b Narcea  |c 1981 
650 0 |a Educación  |9 258661 
650 7 |a INSTRUCCION  |2 CL-VaPUC  |9 373408 
650 0 |a Inteligencia  |9 267038 
650 0 |a Enseñanza  |9 256457 
650 0 |a Aprendizaje   |9 254827 
650 0 |a Pedagogía  |9 255351 
583 |a last modification  |c 19990305 00:00:00  |k Rodrigo Vera 
490 0 |a Colección Educación Hoy. Estudios 
999 |c 279027  |d 279025 
952 |0 0  |1 0  |4 0  |6 370_100000000000000_HAM_1981  |7 0  |8 A  |9 317918  |a BIBEDU  |b BIBEDU  |d 2019-11-20  |i 3494268  |o 370.1 HAM 1981  |p 3494268  |r 2019-11-20  |w 2019-11-20  |y BK  |k BME